Statistics for Guess the Taylor Swift Song (no hints) 154

Click here to take the quiz!

General Stats

  • This quiz has been taken 17 times
  • The average score is 181 of 235

Answer Stats

Answer% Correct
I
100%
the
100%
The
100%
a
94%
A
94%
Do
94%
ever
94%
in
94%
it
94%
me
94%
me?
94%
on
94%
you
94%
You
94%
and
88%
And
88%
don't
88%
her
88%
is
88%
like
88%
of
88%
They
88%
think
88%
to
88%
To
88%
too
88%
we
88%
about
82%
all
82%
are
82%
as
82%
be
82%
But
82%
but
82%
for
82%
For
82%
Hey
82%
if
82%
It's
82%
it's
82%
late
82%
my
82%
never
82%
that
82%
were
82%
When
82%
who
82%
back
76%
eyes
76%
go
76%
I'd
76%
I'll
76%
Just
76%
know
76%
know,
76%
off
76%
see
76%
stop
76%
This
76%
up
76%
was
76%
well
76%
Well
76%
your
76%
you're
76%
Dorothea
71%
Down
71%
got
71%
nothing
71%
now
71%
only
71%
same
71%
wishes
71%
with
71%
you'll
71%
always
65%
being
65%
brighter
65%
come
65%
friends
65%
from
65%
known
65%
magazines
65%
make
65%
making
65%
met
65%
misery
65%
mom
65%
Ooh
65%
Ooh,
65%
place
65%
queen
65%
screen's
65%
Selling
65%
Shined
65%
since
65%
stars
65%
tiny
65%
tired
65%
town
65%
way
65%
ya
65%
younger
65%
(ah-ah)
59%
anything
59%
bleachers?
59%
buy
59%
dreams
59%
Honey,
59%
left
59%
side
59%
still
59%
Tupelo
59%
under
59%
wanna
59%
damn,
53%
guess
53%
lark
53%
pageant
53%
park
53%
piss
53%
prom
53%
schemes
53%
shiny
53%
show
53%
soul
53%
calmer
47%
Skipping
41%

Score Distribution

Percentile by Number Answered

Percent of People with Each Score

Your Score History

You have not taken this quiz